| 000 | 00436nam a2200157Ia 4500 | ||
|---|---|---|---|
| 008 | 230312s9999||||xx |||||||||||||| ||und|| | ||
| 020 | _a9788120333574 | ||
| 082 |
_a333.7924 _bKOT-R |
||
| 100 | _aKothari,D.P | ||
| 245 | 0 | _aRenewable Energy Sources and Emerging Technologies | |
| 260 |
_bPrentice Hall _aIndia _c2008 |
||
| 300 | _a350 | ||
| 546 | _aEng. | ||
| 650 |
_aEngineering _vEnvironmental Aspects of Electric Energy |
||
| 942 | _cBK | ||
| 999 |
_c6253 _d6253 |
||